000 00695nam a2200205 i 4500
001 91110
003 ES-MaACL
005 20230906180637.0
007 t|
008 050127s1958 sp ||||1| spa d
100 1 _aLeonhard, Karl.
_971684
245 1 0 _aLeyes y sentido de los sueños con una crítica de la interpretación de sueños y una ojeada sobre la función de la subconsciencia /
_cKarl Leonhard.
250 _a2ª ed. amp.
260 _aMadrid :
_bAlhambra,
_c1958 (
_fCastilla)
300 _a111 p. ;
_c23 cm.
490 1 _aMonografías médicas Alhambra
830 0 _aMonografías médicas Alhambra
_9182831
852 _aES-MaACL
_jC-15349
_bR.42404
999 _c91110
_d91110